000 00395nam a2200169 i 4500
001 bg
100 1 _aGWIAZDOWSKI, Władysław.
245 0 _aObrabiarki.
_nCz. 2 /
_cWładysław Gwiazdowski.
250 _aWyd.3 popr.
260 _aWarszawa,
_c1970.
650 9 _aObrabiarki
040 _cBPK
041 _apol
080 _a621.9
942 _cKS
008 s pl f |000 0 pol
999 _c7205
_d7205
856 _uhttp://koha.tu.koszalin.pl/cgi-bin/koha/opac-detail.pl?biblionumber=7205
_yKatalog online BPK